The Fall Tracklist (Gorillaz) - Statistics

General Stats
  • This quiz has been taken 14 times
  • The average score is 12 of 15
Answer Stats
Hint Answer % Correct
2 Revolving Doors
100%
3 HillBilly Man
92%
4 Detroit
85%
6 Little Pink Plastic Bags
85%
1 Phoner To Arizona
85%
15 Seattle Yodel
85%
11 The Speak It Mountains
85%
10 Amarillo
77%
13 Bobby In Phoenix(feat. Bobby Womack)
77%
5 Shy-Town
77%
9 The Snake In Dallas
77%
7 The Joplin Spider
69%
8 The Parish Of Space Dust
69%
12 Aspen Forest
62%
14 California And The Slipping Of The Sun
54%
No matching quizzes found
Score Distribution
Percent of People with Each Score
Percentile by Number Answered
Your Score History
You have not taken this quiz